| 000 | 00749nam a2200205Ia 4500 | ||
|---|---|---|---|
| 003 | GCL | ||
| 008 | 140319s9999 xx 000 0 ara d | ||
| 040 |
_aGCL / _cGCL |
||
| 082 | 0 | 4 |
_a956.9 _bا م |
| 100 | 1 | _aالياس شوفانى | |
| 245 | 1 | 0 |
_aالموجز فى تاريخ فلسطين السياسى ( منذ فجر التاريخ حتى سنة 1949 ) / _cالياس شوفانى |
| 300 | _a609 ص | ||
| 490 |
_aالهيئة العامة للاستعلامات _v0 |
||
| 650 | 0 | 4 | _aالتاريخ الاسلامى |
| 650 | 0 | 4 | _aالاحتلال الصهيونى |
| 650 | 0 | 4 | _aالاحتلال البريطانى |
| 650 | 0 | 4 | _aفلسطين - تاريخ |
| 650 | 0 | 4 | _aفلسطين - تاريخ - العصر الحديث |
| 942 |
_2ddc _cBK |
||
| 999 |
_c52023 _d52023 |
||